Junior Eurovision Song Contest winners (2003-2024) - Statistics

General Stats
  • This quiz has been taken 256 times
    42 since last reset
  • The average score is 20 of 22
Answer Stats
Hint Answer % Correct
2020 France
94%
2022 France
94%
2023 France
94%
2008 Georgia
94%
2011 Georgia
94%
2016 Georgia
94%
2024 Georgia
94%
2004 Spain
94%
2010 Armenia
92%
2021 Armenia
92%
2018 Poland
92%
2019 Poland
92%
2012 Ukraine
92%
2005 Belarus
89%
2007 Belarus
89%
2003 Croatia
89%
2014 Italy
89%
2006 Russia
89%
2017 Russia
89%
2009 The Netherlands
89%
2013 Malta
83%
2015 Malta
83%
No matching quizzes found
Score Distribution
Percent of People with Each Score
Percentile by Number Answered
Your Score History
You have not taken this quiz since the last reset